000
00327nam a2200133Ia 4500
008
100328s9999 xx 000 0 und d
082
_b
74157
100
_a
Weiss Brian.
245
_a
Same Soul, Many Bodies.
260
_b
Piatkus.
630
_a
Same Soul, Many Bodies.
730
_a
Same Soul, Many Bodies.
942
_c
BOOK
999
_c
559878
_d
559875